Sports Quiz

Random Sports or College Quiz

NFL Players Alma Mater Quiz Stats

Quiz not verified by Sporcle

Challenge
Share
Tweet
Embed
Score 0/50 Timer 07:00
0 Plays Today
NFL player Colleges % Correct
Tim TebowFlorida
99.3%
Eli ManningMississippi
98.6%
Tom BradyMichigan
94.9%
Drew BreesPurdue
94.6%
Aaron RodgersCal
94.6%
Colt McCoyTexas
94.6%
Larry FitzgeraldPitt
93.5%
Jay CutlerVanderbilt
92.8%
Peyton ManningTennessee
92.8%
Calvin JohnsonGeorgia Tech
91.7%
Adrian PetersonOklahoma
91.7%
Matt RyanBoston College
91%
Michael VickVirginia Tech
91%
Michael CrabtreeTexas Tech
89.2%
Ladainian TomlinsonTCU
88.1%
Troy PolamaluUSC
86.3%
Ben RoethlisbergerMiami ohio
85.9%
Maurice Jones-DrewUCLA
84.1%
A.J. HawkOhio State
83.4%
Dennis DixonOregon
83%
Ryan FitzpatrickHarvard
82.7%
Clinton PortisMiami
82.7%
Andre JohnsonMiami
82.3%
Philip RiversNC State
81.9%
Braylon EdwardsMichigan
81.6%
NFL player Colleges % Correct
Chris JohnsonEast Carolina
81.2%
David CarrFresno State
80.5%
Josh FreemanKansas State
80.1%
Cedric BensonTexas
80.1%
Ray LewisMiami
76.9%
Jason CampbellAuburn
75.8%
Brian CushingUSC
75.5%
Brian OrakpoTexas
72.2%
Shonn GreeneIowa
72.2%
Steven JacksonOregon State
69.7%
Aaron CurryWake Forest
67.1%
Matt ForteTulane
66.8%
Demarcus WareTroy
66.4%
Darren SprolesKansas State
65.7%
Steve Smith (car)Utah
58.5%
Brandon MarshallCentral Florida
58.1%
Shawne MerrimanMaryland
55.2%
Roddy WhiteUAB
53.4%
Justin TuckNotre Dame
48%
Tamba HaliPenn State
48%
Brandon JacobsSouthern Illinois
45.5%
Ahmad BradshawMarshall
40.1%
James StarksBuffalo
34.7%
Osi UmenyioraTroy
31.4%
Dominique Rodgers-CromartieTennessee State
21.7%

You're not logged in!

Compare scores with friends on all Sporcle quizzes.
Join for Free
OR
Log In

You Might Also Like...

Show Comments

Extras

Top Quizzes Today


Score Distribution

Your Account Isn't Verified!

In order to create a playlist on Sporcle, you need to verify the email address you used during registration. Go to your Sporcle Settings to finish the process.

Report this User

Report this user for behavior that violates our Community Guidelines.

Details: